Hearthstone- Groups of Five - Statistics

General Stats
  • This quiz has been taken 58 times
  • The average score is 22 of 60
Answer Stats
Group Answer % Correct
9 Mana Classic Neutral Dragons Ysera
94%
Card Rarities Common
85%
Card Rarities Epic
85%
Card Rarities Legendary
85%
Card Rarities Rare
85%
9 Mana Classic Neutral Dragons Malygos
81%
Galakrond Classes Rogue
81%
Galakrond Classes Warrior
81%
Galakrond Classes Priest
79%
Galakrond Classes Shaman
79%
Galakrond Classes Warlock
77%
League of EVIL Members Arch-Villain Rafaam
67%
Dream Cards Dream
67%
9 Mana Classic Neutral Dragons Onyxia
67%
9 Mana Classic Neutral Dragons Nozdormu
63%
9 Mana Classic Neutral Dragons Alexstrasza
62%
League of EVIL Members Blastmaster Boom
62%
Card Rarities Free/Basic
62%
Dream Cards Nightmare
58%
League of EVIL Members Madame Lazul
54%
WotOG "Forbidden" Cards Forbidden Healing
50%
League of EVIL Members Heistbaron Togwaggle
50%
League of EVIL Members Swampqueen Hagatha
50%
Dream Cards Ysera Awakens
46%
Dream Cards Emerald Drake
44%
Dream Cards Laughing Sister
44%
Blackrock Mountain Legendaries Emperor Thaurissan
42%
Blackrock Mountain Legendaries Majordomo Executus
42%
WotOG "Forbidden" Cards Forbidden Flame
38%
Blackrock Mountain Legendaries Nefarian
37%
Blackrock Mountain Legendaries Rend Blackhand
37%
WotOG "Forbidden" Cards Forbidden Ritual
33%
WotOG "Forbidden" Cards Forbidden Shaping
25%
Blackrock Mountain Legendaries Chromaggus
19%
WotOG "Forbidden" Cards Forbidden Ancient
19%
Neutral Rastakhan Rumble Legendaries Mojomaster Zihi
19%
Neutral Rastakhan Rumble Legendaries Griftah
13%
Rogue Hero Powers Dagger Mastery
12%
Neutral Rastakhan Rumble Legendaries Oondasta
12%
Naxxramas Quadrants Plague Quarter
12%
Naxxramas Quadrants Arachnid Quarter
10%
Neutral Rastakhan Rumble Legendaries Da Undatakah
10%
Naxxramas Quadrants Construct Quarter
8%
Naxxramas Quadrants Military Quarter
8%
Highest Rated Cards Defile
6%
Neutral Rastakhan Rumble Legendaries Hakkar the Soulflayer
6%
Highest Rated Cards Lord Godfrey
6%
Highest Rated Cards Duskbreaker
2%
Naxxramas Quadrants Frostwyrm Lair
2%
Rogue Hero Powers Galakrond's Guile
2%
Highest Rated Cards Kronx Dragonhoof
2%
Rogue Hero Powers Poisoned Blades
2%
Rogue Hero Powers Ancient Blades
0%
Most Expensive 1/1s Big-Time Racketeer
0%
Rogue Hero Powers Death's Shadow
0%
Most Expensive 1/1s Former Champ
0%
Most Expensive 1/1s Furbolg Mossbinder
0%
Most Expensive 1/1s Hir'eek the Bat
0%
Highest Rated Cards Kobold Librarian
0%
Most Expensive 1/1s Lynessa Sunsorrow
0%
No matching quizzes found
Score Distribution
Percent of People with Each Score
Percentile by Number Answered
Your Score History
You have not taken this quiz